Jala Brat and Buba Corelli Songs A-Z - Statistics

General Stats
  • This quiz has been taken 59 times
    27 since last reset
  • The average score is 17 of 23
Answer Stats
Hint Answer % Correct
B Baksis | Bad | Balmain +13
100%
C Casino | Comfort | Criminal +2
100%
D Dom | Dominantna | Dokaz +10
100%
G Gianni | Glamur | Gasira +5
92%
A Andjeo | Andale | Adrenalina +2
84%
K Klinka | Kamikaza | Karantin +3
84%
M Mala Lomi | Mlada i Luda | Mafia +12
84%
O Opasno | Otrove | Ona'e +3
84%
R Restart | Roze | Randevu +3
80%
U Usta Na Usta | Ultimatum | U Njoj
80%
N Nju Bi' Da Ljubim | Ne Volim | Nema Bolje +3
76%
P Premija | Pravo Vreme | Patek +7
76%
F Folira | Fetis | Futura +2
72%
S Stari Radio | Skandal | Sporije +6
72%
H Habibi | Hakimi | Hollywood
68%
I Irina Shayk
68%
L La Martina | LMTD | LaMelo +1
68%
T To Me Radi | Trci | Tarantinov Film +2
68%
J Japan
64%
W Warsaw
64%
Z Zatvaranje | Zove Vienna | Zvijer +1
60%
E Ego | Exploziv | Extazy
48%
V V.I.P. | Vajbuje | Volim Te +1
44%
No matching quizzes found
Score Distribution
Percent of People with Each Score
Percentile by Number Answered
Your Score History
You have not taken this quiz since the last reset